Länder am höchsten Berg erkennen - Statistiken

Allgemein
  • Dieses Quiz wurde 161 mal gespielt
  • Das Durchschnittsergebnis liegt bei 15 aus 25
Antwortstatistiken
m ft Berg Land % Korrekt
8848 29029 Mount Everest China | Nepal
99%
2962 9718 Zugspitze Deutschland
92%
4810 15781 Mont Blanc Frankreich | Italien
92%
3798 12461 Großglockner Österreich
87%
3776 12388 Mount Fuji Japan
83%
5199 17057 Mount Kenya Kenia
82%
2919 9577 Mount Olympus Griechenland
80%
5892 19331 Kilimanjaro Tansania
79%
8611 28251 K2 Pakistan
74%
4634 15203 Dufourspitze / Monte Rosa Schweiz
72%
5642 18510 Mount Elbrus Russland
63%
6960 22835 Aconcagua Argentinien
59%
3700 12139 Gunnbjørn Fjeld Dänemark
59%
6191 20310 Denali Vereinigte Staaten
59%
5959 19551 Mount Logan Kanada
58%
6893 22615 Ojos del Salado Chile
53%
8586 28169 Kangchenjunga Indien
52%
3724 12218 Aoraki / Mount Cook Neuseeland
52%
5636 18491 Volcán Citlaltépetl / Pico de Orizaba Mexiko
49%
5137 16854 Mount Ararat Türkei
49%
1345 4413 Ben Nevis Vereinigtes Königreich
42%
4978 16332 Pico Bolívar Venezuela
41%
3718 12198 Mount Teide Spanien
36%
2864 9396 Triglav Slowenien
21%
3450 11319 Mafadi Südafrika
10%
Keine übereinstimmenden Quizze gefunden
Verteilung der Resultate
Anzahl Personen mit jedem Resultat
Perzentil nach korrekt beantworteten Fragen
Ihre Resultats-Entwicklung
Sie haben dieses Quiz noch nicht gespielt